WWE Mattel Elite Figures - Statistics

General Stats
  • This quiz has been taken 293 times
    255 since last reset
  • The average score is 76 of 163
Answer Stats
Series Name % Correct
Series 11 | Series 14 | Series 17 | +4 others John Cena
85%
Series 2 | Series 23 | Series 7 Triple H
78%
Series 1 | Series 14 | Series 18 | +3 others Undertaker
78%
Series 10 | Series 12 | Series 19 | +2 others Kane
75%
Series 12 | Series 16 | Series 2 | +2 others Randy Orton
72%
Series 1 | Series 11 | Series 16 | +2 others CM Punk
70%
Series 1 | Series 13 | Series 8 Edge
67%
Series 10 | Series 13 | Series 22 | Series 4 Big Show
65%
Series 19 | Series 3 | Series 7 Shawn Michaels
64%
Series 14 | Series 16 | Series 22 The Rock
64%
Series 1 | Series 11 | Series 13 | +5 others Rey Mysterio
58%
Series 26 Roman Reigns
58%
Series 25 Seth Rollins
58%
Series 11 | Series 24 | Series 3 | Series 9 The Miz
58%
Series 1 Jeff Hardy
57%
Series 17 | Series 27 | Series 4 | Series 9 Kofi Kingston
57%
Series 25 Dean Ambrose
55%
Series 13 | Series 17 | Series 25 | Series 8 Sheamus
54%
Series 20 | Series 4 Chris Jericho
53%
Series 2 | Series 6 Matt Hardy
53%
Series 2 | Series 6 Batista
51%
Series 12 | Series 19 Daniel Bryan
51%
Series 13 | Series 19 | Series 24 | Series 5 Dolph Ziggler
51%
Series 15 | Series 26 | Series 5 Mark Henry
50%
Series 11 | Series 20 | Series 3 Christian
49%
Series 13 | Series 20 | Series 3 Cody Rhodes
47%
Series 19 Brock Lesnar
44%
Series 1 | Series 9 MVP
42%
Series 11 | Series 18 | Series 24 Wade Barrett
42%
Series 12 | Series 14 | Series 21 Alberto Del Rio
40%
Seires 2 | Series 10 | Series 15 R-Truth
40%
Series 26 | Series 5 Jack Swagger
39%
Series 6 Goldust
37%
Series 10 | Series 4 John Morrison
37%
Series 21 Ryback
36%
Series 24 Ryback`
36%
Series 8 Drew McIntyre
35%
Series 15 | Series 18 | Series 25 Sin Cara
35%
Series 16 Heath Slater
32%
Series 17 | Series 9 Zack Ryder
32%
Series 12 Justin Gabriel
31%
Series 20 | Series 3 Santino Marella
31%
Series 10 | Series 2 Ted DiBiase
31%
Series 21 AJ Lee
30%
Series 23 JBL
30%
Series 14 Booker T
28%
Series 26 Big E Langston
27%
Series 15 | Series 8 Evan Bourne
27%
Series 27 Rikishi
26%
Series 23 Randy Savage
25%
Series 4 Finlay
24%
Series 7 Hornswoggle
24%
Series 18 | Series 25 Brodus Clay
23%
Series 27 Rob Van Dam
23%
Series 26 Ultimate Warrior
23%
Series 23 Antonio Cesaro
22%
Series 17 Kelly Kelly
22%
Series 16 Kevin Nash
22%
Series 16 Ezekiel Jackson
20%
Series 7 Tyson Kidd
20%
Series 27 Billy Gunn
19%
Series 6 JTG
19%
Series 17 Mankind
19%
Series 26 Road Dogg
19%
Series 5 Vladimir Kozlov
19%
Series 8 William Regal
18%
Series 9 Luke Gallows
17%
Series 16 Diesel
16%
Series 24 Trish Stratus
16%
Series 10 Yoshi Tatsu
16%
Series 5 Chavo Guerrero
15%
Series 27 Fandango
15%
Series 6 Shad
15%
Series 22 Tensai
15%
Series 15 Yokozuna
15%
Series 22 Damien Sandow
14%
Series 7 David Hart Smith
13%
Series 18 Jerry Lawler
13%
Series 14 Big Boss Man
9%
Series 19 Miss Elizabeth
9%
Series 12 Papa Shango
9%
Series 25 Bruno Sammartino
7%
Series 21 Honky Tonk Man
6%
Series 22 The Giant
6%
No matching quizzes found
Score Distribution
Percent of People with Each Score
Percentile by Number Answered
Your Score History
You have not taken this quiz since the last reset